|
|
|
|
| LEADER |
00000nab a2200000 a 4500 |
| 001 |
vtls000253648 |
| 003 |
SK-MaSNL |
| 005 |
20260304060943.0 |
| 008 |
250422c1986 xo 0 slo |
| 015 |
|
|
|a SNBRB19rr/mm-uuuuu
|
| 035 |
|
|
|a CL0263762
|
| 035 |
|
|
|a urn:nbn:sk:snk-abelou
|
| 035 |
|
|
|a (urnnbn)urn:nbn:sk:snk:ar-006xwz
|
| 035 |
|
|
|a (uuid)abeb60a4-b2ea-4451-8245-daab576d939c
|
| 040 |
|
|
|a SNKBUCL
|b slo
|c SNKBUCL
|e AACR2
|
| 041 |
0 |
|
|a slo
|
| 044 |
|
|
|a xo
|c SK
|
| 080 |
|
|
|a 639.21:637.65
|2 1981
|
| 080 |
|
|
|a 637.65
|2 1981
|
| 100 |
1 |
|
|a Krupka, Ivan
|4 aut
|9 712607
|
| 245 |
1 |
0 |
|a Trofej boleňa
|c Ivan Krupka
|
| 300 |
|
|
|b Obr. 7.
|
| 650 |
0 |
7 |
|a boleň
|2 snkbucl
|9 18206
|
| 650 |
0 |
7 |
|a rybárske trofeje
|2 snkbucl
|9 55315
|
| 655 |
|
7 |
|a články z novín a časopisov
|2 snkbucl
|9 267496
|
| 773 |
0 |
|
|t Poľovníctvo a rybárstvo
|g Roč. 38, č. 8 (1986), s. 30-31
|
| 850 |
|
|
|a Slovenská národná knižnica
|
| 852 |
|
|
|a Slovenská národná knižnica
|
| 958 |
|
|
|a article27
|
| 958 |
|
|
|a OND
|
| 958 |
|
|
|a RK
|
| 992 |
|
|
|a RBX
|
| 999 |
|
|
|c 2730813
|d 2732743
|